01528nam a2200277uu 4500001000800000005001700008007001000025008004100035035001200076040001300088041000800101080000800109100004600117245014400163260004300307300001700350520066100367650003201028650002501060650004101085650002901126650002901155700004601184502001201230526000801242131735720260508075642.0cr|||||||130226s2013 spa  a1317357 ccomduadb aspa aPBI10aRomero Vergara, Andrés Felipe4auteaut10aImplementación del programa de capacitación para el personal asistencial, para el buen uso y preservación de los equipos biomédicos aMedellín :b[sin publicador],c2013. a39 páginas3 aEl buen funcionamiento de los equipos médicos depende en gran medida de una buena planeación tanto de los mantenimientos preventivos-correctivos y en igual medida de los adecuados procesos de calibración y la frecuencia de ellos. Dentro de las anteriores cabe resaltar que aunque se haga un buen mantenimiento preventivo un equipo, si el trato o uso por parte del personal asistencial a éstos no es el mejor ni el más adecuado, el equipo no llegará al próximo mantenimiento preventivo sin que antes haya pasado por al menos un correctivo, trayendo consigo, parar el equipo y dejar de prestar un servicio, costos de repuestos y/o reposición. aProgramas de capacitación aEquipos biomédicos aEquipos biomédicos - Mantenimiento aMantenimiento preventivo aMantenimiento correctivo10aGarcía Ramos, Javier Hernando4thseths b168c17 a170